Governanza multinivel de los movimientos migratorios : (Registro nro. 173119)

Detalles MARC
000 -LEADER
fixed length control field 01129nam a2200325 i 4500
001 - CONTROL NUMBER
control field bslw10091604
006 - FIXED-LENGTH DATA ELEMENTS--ADDITIONAL MATERIAL CHARACTERISTICS--GENERAL INFORMATION
fixed length control field m o d
007 - PHYSICAL DESCRIPTION FIXED FIELD--GENERAL INFORMATION
fixed length control field cr un ---uuuua
008 - FIXED-LENGTH DATA ELEMENTS--GENERAL INFORMATION
fixed length control field 230927s2023 sp d ob 000 0 spa d
020 ## - INTERNATIONAL STANDARD BOOK NUMBER
International Standard Book Number 9788411227148
035 ## -
-- 38821
040 ## - CATALOGING SOURCE
Original cataloging agency UtOrBLW
Language of cataloging eng
Description conventions rda
Transcribing agency UtOrBLW
050 #4 -
-- K3275
-- .G68 2023
082 04 -
-- 342.082
-- 23
245 00 - TITLE STATEMENT
Title Governanza multinivel de los movimientos migratorios :
Remainder of title retos y perspectivas desde el derecho /
Statement of responsibility, etc coord. Gloria Esteban de la Rosa.
250 ## -
-- 1a edición.
264 #1 -
-- Madrid :
-- Dykinson, S.L.,
-- 2023.
300 ## - PHYSICAL DESCRIPTION
Extent 546 pages :
Other physical details charts (chiefly color)
336 ## -
-- text
-- txt
-- rdacontent
337 ## -
-- computer
-- c
-- rdamedia
338 ## -
-- online resource
-- cr
-- rdacarrier
490 0# - SERIES STATEMENT
Series statement Colección Conocimiento Contemporáneo ;
Volume number/sequential designation n.o 92
504 ## - BIBLIOGRAPHY, ETC. NOTE
Bibliography, etc Includes bibliographical references.
650 #0 - SUBJECT ADDED ENTRY--TOPICAL TERM
Topical term or geographic name as entry element Emigration and immigration law.
650 #0 - SUBJECT ADDED ENTRY--TOPICAL TERM
Topical term or geographic name as entry element Migration, Internal
General subdivision Law and legislation.
700 1# - ADDED ENTRY--PERSONAL NAME
Personal name Esteban de la Rosa, Gloria,
Relator term editor.
856 40 - LOCALIZACIÓN Y ACCESO ELECTRÓNICO
Identificador Uniforme del Recurso (URI/URL) https://app.vlex.com/#/sources/38821
942 ## -
-- RAA
999 ## -
-- 173119
-- 173119

No hay ítems disponibles.


CONTACTO


NOSOTROS


SITIOS DE INTERES

coordinacion.biblioteca.biblioteca@unienlinea.mx Misión, Visión y Objetivos Bases de datos
Directorio Bibliotecas Digitales y Repositorios
Normatividad Revistas y artículos
Convenios interbibliotecarios
Boletines



Hecho en México. Universidad Insurgentes (UIN). Todos los derechos reservados 2024. Esta página y sus contenidos pueden ser reproducidos con fines no lucrativos, siempre y cuando no se mutile, se cite la fuente completa y su dirección electrónicas. De otra forma requiere permiso previo por escrito de la institución




2024 Copyright Universidad Insurgentes | www.bibliouin.com.mx